Die neuere Entwicklung des Strafrechts in Deutschland

Saved in:  
Bibliographic Details
Main Author: Schroeder, Friedrich-Christian 1936-2024 (Author)
Format: Print Article
Language:German
Published: 2006
In: Kriminalität und Kriminalprävention in Ländern des Umbruchs
Year: 2006, Pages: 225-231
Check availability: HBZ Gateway
Keywords:

MARC

LEADER 00000caa a2200000 c 4500
001 1344518370
003 DE-627
005 20240625172706.0
007 tu
008 071127s2006 xx ||||| 00| ||ger c
020 |a 9783819606724 
035 |a (DE-627)1344518370 
035 |a (DE-576)274518376 
035 |a (DE-599)BSZ274518376 
040 |a DE-627  |b ger  |c DE-627  |e rakwb 
041 |a ger 
100 1 |a Schroeder, Friedrich-Christian  |d 1936-2024  |0 (DE-588)118130234  |0 (DE-627)079261345  |0 (DE-576)162975635  |4 aut 
109 |a Schroeder, Friedrich-Christian 1936-2024  |a Schroeder, Friedrich C. 1936-2024  |a Šrëder, Fridrich-Kristian 1936-2024 
245 1 4 |a Die neuere Entwicklung des Strafrechts in Deutschland  |c F.-Ch. Schroeder 
264 1 |c 2006 
336 |a Text  |b txt  |2 rdacontent 
337 |a ohne Hilfsmittel zu benutzen  |b n  |2 rdamedia 
338 |a Band  |b nc  |2 rdacarrier 
500 |a Literaturangaben 
773 0 8 |i In  |t Kriminalität und Kriminalprävention in Ländern des Umbruchs  |d Bochum : Univ.-Verl. Brockmeyer, 2006  |g (2006), Seite 225-231  |h XVI, 495 S.  |w (DE-627)516261886  |w (DE-576)255930259  |z 3819606726  |z 9783819606724  |7 nnam 
773 1 8 |g year:2006  |g pages:225-231 
889 |w (DE-627)742695131 
935 |a mkri 
935 |i mdedup 
951 |a AR 
ELC |b 1 
LOK |0 000 xxxxxcx a22 zn 4500 
LOK |0 001 2899282328 
LOK |0 003 DE-627 
LOK |0 004 1344518370 
LOK |0 005 20260212103150 
LOK |0 008 160208||||||||||||||||ger||||||| 
LOK |0 040   |a DE-21-110  |c DE-627  |d DE-21-110 
LOK |0 689   |a s  |a Strafrechtsentwicklung 
LOK |0 852   |a DE-21-110 
LOK |0 852 1  |m p  |9 00 
LOK |0 935   |a k110 
LOK |0 938   |k p 
LOK |0 939   |a 08-02-16  |b l01 
ORI |a WA-MARC-krimdoka001.raw